| 000 | 00903cam a2200277 a 4500 | ||
|---|---|---|---|
| 999 |
_c527599 _d527599 |
||
| 001 | 502670 | ||
| 003 | NUST | ||
| 005 | 20190801045549.0 | ||
| 008 | 850319m19009999enk 000 0 eng | ||
| 010 | _a 85131388 | ||
| 038 | _aMuhammad Ibrahim | ||
| 040 |
_aDLC _cDLC _dDLC |
||
| 050 | 0 | 0 |
_aPA3975 _b.A1 1959b |
| 082 | 0 | 0 |
_a882.01 _219 _bEUR 1959 |
| 100 | 0 |
_aEuripides. _918929 |
|
| 245 | 1 | 0 |
_aEuripides, plays / _ctranslated by A.S. Way ; introduction by John Warrington. |
| 260 |
_aLondon : _bJ.M. Dent ; _aNew York : _bE.P. Dutton, _c<1959- > |
||
| 300 |
_av. <2 > ; _c19 cm. |
||
| 490 | 0 |
_aEveryman's library ; _v271. _aClassical |
|
| 600 | 0 | 0 |
_aEuripides _xTranslations into English. _918930 |
| 650 | 0 |
_aMythology, Greek _xDrama. _918931 |
|
| 655 | 7 |
_aTragedies. _2gsafd _95046 |
|
| 700 | 1 |
_aWarrington, John. _918932 |
|
| 906 |
_a7 _bcbc _corignew _d2 _encip _f19 _gy-gencatlg |
||
| 942 |
_2ddc _cBK |
||